000 00428nam a2200205Ia 4500
003 IT-RoPAU
008 120407s9999 xx 000 0 und d
040 _aIT-RoPAU
040 _cIT-RoPAU
041 _aita
100 _aJoseph Folliet
245 _aIl volto del cattolicesimo attuale.
260 _aCappelli
260 _c1960
300 _a152 p.
300 _c19 cm
490 _v1
942 _cBK
999 _c26140
_d26140